000 00700nam a2200241 a 4500
001 000002292
003 DO-SdBNP
005 20240419125548.0
007 000002292
008 090701s2008 dr a 000 0 spa d
020 _a9789945427462
040 _aBPMSU
_bspa
_cBPMSU
082 4 _aRD863.5
_bG633s 2008
_222
100 1 _aBrígida Gómez, Ana,
_d1978-
245 1 3 _aLa sirenita de coral /
_cAna Brígida Gómez.
260 _aSanto Domingo :
_bEditora Búho,
_c2008.
300 _a131 p. ;
_c21 cm.
590 _aInventariado, 2024/VM
650 4 _aCuentos infantiles dominicanos
650 4 _aLiteratura infantil dominicana
910 _aVMateo V. Control de calidad BPMSU
942 _2ddc
_cBK
999 _c7762
_d7762